| 000 | 00322nam a22001217a 4500 | ||
|---|---|---|---|
| 082 | _a220 PRO | ||
| 100 |
_aSAMI,SAMEEM,AMIR,SHAHID _971421 |
||
| 245 | _aPR-SOF-1313-DRIVING ASSISTANCE SYSTEM | ||
| 260 |
_aISLAMABAD _bNUST COLLEGE OF EME _c2013 |
||
| 650 | _aDE-COMP-31 | ||
| 700 |
_aSAJID GUL KHAWAJA _969989 |
||
| 942 | _cCR | ||
| 999 |
_c577949 _d577949 |
||